Normale Ansicht MARC-Ansicht ISBD

Bogensee - Politische Zeugnisse mitten im Wald. (Titelsatznr. 372223)

[ MARC ]
MARC-Details
000 -Satzkennung
Kontrollfeld mit fester Länge 00593nam a22001697a 4500
008 - Feld mit fester Länge zur physischen Beschreibung - Allgemeine Angaben
Kontrollfeld mit fester Länge 201207b ||||| |||| 00| 0 eng d
040 ## - Katalogisierungsquelle
Original-Katalogisierungsstelle DE-2950
Katalogisierungssprache ger
Übertragungsstelle DE-2950
Beschreibungsfestlegungen rda
245 ## - Titel
Haupttitel Bogensee - Politische Zeugnisse mitten im Wald.
Titelzusatz Die Freiräume des Landsitzes von Joseph Goebbels und der FDJ-Hochschule /
Verantwortlichkeitsangabe Peter Fibich
264 ## - Veröffentlichungsangabe, Vertriebsangabe, Herstellungsangabe
Erscheinungs-, Vertriebs-, Herstellungsdatum 2022
653 ## - Lokales Schlagwort
Nicht-normierter Term Wandlitz
653 ## - Lokales Schlagwort
Nicht-normierter Term Waldhof
773 ## - Übergeordnete Einheit
Ort, Verlag und Erscheinungsjahr Aachen: Geymüller Verlag für Architektur
Verknüpfungsangaben 8(2022) Heft II., S. 33-41
Titel Brandenburgische Denkmalpflege
942 ## - Zusätzliche Felder (Koha)
Koha-Medientyp Aufsätze
Exemplare
Ausgeschieden Verloren Beschädigt Nicht entleihbar Permanenter Standort Aktueller Standort Aufstellungsort Eingabedatum Anzahl Ausleihen Signatur Letzte Aktivität Preis gültig von Medientyp
        Stadtarchiv Frankfurt (Oder) | Archivbibliothek Stadtarchiv Frankfurt (Oder) | Archivbibliothek Lesesaal 17/02/2023   D24 17/02/2023 17/02/2023 Aufsätze